Exchange rate determination : (Record no. 346664)

000 -LEADER
fixed length control field 01306 a2200205 4500
020 ## - INTERNATIONAL STANDARD BOOK NUMBER
International Standard Book Number 0071415017 (hardcover)
020 ## - INTERNATIONAL STANDARD BOOK NUMBER
International Standard Book Number 9780071415019 (hardcover)
082 04 - DEWEY DECIMAL CLASSIFICATION NUMBER
Classification number 332.4560113
090 ## - LOCALLY ASSIGNED LC-TYPE CALL NUMBER (OCLC); LOCAL CALL NUMBER (RLIN)
-- 4214
-- 4214
100 1# - MAIN ENTRY--PERSONAL NAME
Personal name Rosenberg, Michael.
245 10 - TITLE STATEMENT
Title Exchange rate determination :
Remainder of title models and strategies for exchange rate forecasting /
Statement of responsibility, etc. Michael Rosenberg.
250 ## - EDITION STATEMENT
Edition statement 1st ed.
260 ## - PUBLICATION, DISTRIBUTION, ETC.
Place of publication, distribution, etc. [S.l.] :
Name of publisher, distributor, etc. McGraw-Hill,
Date of publication, distribution, etc. 2003.
300 ## - PHYSICAL DESCRIPTION
Extent 304 p. ;
Dimensions 24 cm.
490 1# - SERIES STATEMENT
Series statement Mcgraw-hill library of investment and finance.
520 ## - SUMMARY, ETC.
Summary, etc. Models and Strategies for Exchange Rate Forecasting Michael R. Rosenberg Getting an accurate exchange rate is critical for any company doing business in today's global economy. Exchange Rate Determination --written by the number one-ranked foreign exchange team in the world--examines the methods used to accurately and profitably forecast foreign exchange rates. This hands-on guidebook uses extensive charts and tables to examine currency option markets, productivity trends and exchange rates; technical analysis methods to improve currency forecasting accuracy; and more.
830 #0 - SERIES ADDED ENTRY--UNIFORM TITLE
Uniform title Mcgraw-hill library of investment and finance.
856 40 - ELECTRONIC LOCATION AND ACCESS
Materials specified Amazon.com
Uniform Resource Identifier <a href="http://www.amazon.com/exec/obidos/ASIN/0071415017/chopaconline-20">http://www.amazon.com/exec/obidos/ASIN/0071415017/chopaconline-20</a>
942 ## - ADDED ENTRY ELEMENTS (KOHA)
Institution code [OBSOLETE] NBS
Koha item type Book
Call number prefix 332.4560113 ROS
Holdings
Withdrawn status Lost status Damaged status Not for loan Permanent Location Current Location Date acquired Total Checkouts Full call number Barcode Date last seen Date last checked out Price effective from Koha item type
        Central Library (CL) Central Library (CL) 08/28/2013 1 332.4560113 ROS NBS6948 11/22/2017 08/02/2017 08/28/2013 Book
© 2023 Central Library, National University of Sciences and Technology. All Rights Reserved.